000 00801nam a2200265Ia 4500
003 OSt
005 20220912144839.0
006 a|||||r|||| 00| 0
007 ta
008 220909b |||||||| |||| 00| 0 eng d
024 _a75612
037 _cTextbook
040 _aCSL
_beng
_cCSL
041 _aeng
082 _aC9B3p1,N71, L1
100 _aDal cin Mario
111 _aCONFERENCE ON FUNDAMENTAL INTERATIONS AT HIGH ENERGY (1971 : New York)
245 0 _aProceeding on Broken scale invariane and thelight cone
260 _aNew York
_bGordon and Breach Science
_c1971
300 _a105p.
_ccm.
490 _aTracts in mathematics and natural science
650 _aNuclear physics
942 _hC9B3p1,N71, L1
_cTB
_2CC
999 _c17118
_d17118